000 02448cam a2200169 4500500
005 20251228065742.0
041 _afre
042 _adc
100 1 0 _aRosander, Eva Evers
_eauthor
245 0 0 _aCosmopolites et locales : femmes sénégalaises en voyage
260 _c2005.
500 _a60
520 _aRésumé À partir d’enquêtes de terrain, cet article explore certains aspects de la vie quotidienne de femmes sénégalaises mourides vivant au moins temporairement à Tenerife, aux Canaries (Espagne), comme négociantes, vendeuses ou coiffeuses. Ancrées dans le monde, ces femmes contemporaines en voyage ne sont pas véritablement des émigrées, parce qu’elles ne cessent de voyager, tant entre le Sénégal et l’Espagne que vers le reste de l’Europe ou les autres continents. Voyageuses permanentes, ces femmes épousent peu ou prou des idées et des pratiques cosmopolites, mais jusqu’à un certain point seulement, correspondant à leur intérêt économique. Véritables entrepreneurs disposant de talents culturels et sociaux, elles sont des voyageurs en transit perpétuel, des « locales cosmopolites », qui manœuvrent entre les perceptions mouvantes qu’elles ont d’elles-mêmes et les regards que posent sur elles les autres, en Espagne ou au pays.
520 _aThis article explores some aspects of everyday life of Senegalese Mourid women living temporarily in Tenerife, Spain, as petty traders, salers and braid-makers. With their roots and routes in the world, these travelling Senegalese women are not proper migrants, because they keep coming and going to and from Spain, visiting other European countries as well as Asia and the US. At the same time, they are constantly on their way to Senegal. As permanent travellers, the Senegalese women can be said to embrace more or less cosmopolitan ideas and practices, but just to the extent that it supports their own economic interests. As financial entrepreneurs with certain cultural and social abilities, they are strangers in transit, or “cosmopolitan locals”, continuously on the move. Of special interest in relation to concepts such as cosmopolitanism and transnationalism is women’s perception of self and others in Spain and in the homeland.
786 0 _nAfrique & histoire | 4 | 2 | 2005-10-01 | p. 103-122 | 1764-1977
856 4 1 _uhttps://shs.cairn.info/revue-afrique-et-histoire-2005-2-page-103?lang=fr&redirect-ssocas=7080
999 _c1592083
_d1592083